Top 10 Peach Producing US States - Statistics

General Stats
  • This quiz has been taken 402 times
  • The average score is 4 of 10
Answer Stats
Production in Tons State % Correct
26k Tons Georgia
93%
479k Tons California
90%
66k Tons South Carolina
74%
13k Tons Washington
49%
6.4k Tons New York
42%
17k Tons Pennsylvania
26%
15k Tons Colorado
24%
5.2k Tons Idaho
21%
23k Tons New Jersey
18%
6.6k Tons West Virginia
8%
No matching quizzes found
Score Distribution
Percent of People with Each Score
Percentile by Number Answered
Your Score History
You have not taken this quiz